Quiero mi barrio

محفوظ في:
التفاصيل البيبلوغرافية
المؤلف الرئيسي: Bustos, Claudia (مؤلف)
التنسيق: كتاب
اللغة:الإسبانية
منشور في: Santiago Gobierno de Chile 2009
Santiago Quierro Mi Barrio 2009
الطبعة:1a. ed
الموضوعات:
الوسوم: إضافة وسم
لا توجد وسوم, كن أول من يضع وسما على هذه التسجيلة!

MARC

LEADER 00000nam a2200000 a 4500
001 UCH9055
003 CL-VaPUC
008 091217e20090000cl |||||||||||||||||spa|d
082 0 4 |a 711.4  |b BUS  |2 21 
100 0 |a Bustos, Claudia  |e author  |9 545884 
245 1 0 |a Quiero mi barrio 
246 1 0 |a I love my neighborhood 
250 |a 1a. ed 
300 |a 137 p 
942 |c BK 
945 |d 20091217 00:00:00  |a dcastane 
260 |a Santiago  |b Gobierno de Chile  |c 2009 
260 |a Santiago  |b Quierro Mi Barrio  |c 2009 
650 0 |a Planificación urbana   |9 258176 
650 0 |a Urbanización   |9 265706 
650 7 |a DESARROLLO URBANO  |2 CL-VaPUC  |9 545885 
650 7 |a MEDIO AMBIENTE URBANO  |2 CL-VaPUC  |9 359720 
650 0 |a Ciudades  |9 265474 
650 7 |a RECUPERACION DE BARRIOS  |2 CL-VaPUC  |9 545886 
583 |a last modification  |c 20171017 10:57:52  |k Rodrigo Vera 
999 |c 339122  |d 339120 
952 |0 0  |1 0  |4 0  |6 711_400000000000000_BUS_2009_2009  |7 0  |8 A  |9 432564  |a BIBARQ  |b BIBARQ  |d 2019-11-22  |i 4627806  |o 711.4 BUS 2009 2009  |p 4627806  |r 2025-01-20  |w 2019-11-22  |y BK  |k ARQ